000 00744nam a2200229Ia 4500
003 GCL
008 140319s9999 xx 000 0 ara d
040 _aGCL /
_cGCL
082 0 4 _a322.43
_bز س
100 1 _aزياد ابو غنيمة
245 1 0 _aالسيطرة الصهيونية على وسائل الاعلام العالمية /
_cزياد ابو غنيمة
260 _a[S.N] :
_bدار عمان للنشر والتوزيع ،
_c1984
300 _a199 ص
490 _a
650 0 4 _aالعالم العربى
650 0 4 _aالولايات المتحدة الامريكية
650 0 4 _aالصهيونية
650 0 4 _aالصحافة
650 0 4 _aوسائل الاعلام
650 0 4 _aاوربا
942 _2ddc
_cBK
999 _c35745
_d35745